Matching Books Quiz Stats

 Plays Quiz Updated Aug 26, 2013

Score 0/30 Timer 03:00
2 Plays Today
% Correct
Charlotte's
97.9%
Oliver
97.8%
Animal
97.5%
Treasure
97.4%
Casino
96.5%
Jane
96%
Wuthering
95.5%
Little
95.1%
Robinson
94.8%
Don
93.6%
Black
93.1%
Vanity
92.6%
Anna
92%
Invisible
89.8%
Watership
84.9%
% Correct
Madame
84.8%
Patriot
83%
Artemis
80.2%
Hard
79.6%
Mansfield
79.4%
Atlas
78.2%
Tom
76.9%
Mostly
76.5%
Brideshead
73%
Finnegans
71.1%
Howards
69.2%
Digital
68.1%
Silas
64.2%
Foundation's
60.9%
Martin
60.8%

You're not logged in!

Compare scores with friends on all Sporcle quizzes.
OR
Log In

You Might Also Like...

Show Comments

Extras

Top Quizzes Today


Score Distribution

Your Account Isn't Verified!

In order to create a playlist on Sporcle, you need to verify the email address you used during registration. Go to your Sporcle Settings to finish the process.

Report this User

Report this user for behavior that violates our Community Guidelines.

Details: